000 00846nam a2200229 a 4500
001 BRCA_6377
005 20190320205430.0
008 290811s1903----nyu#######---#000-0#spa-#
041 _aspa
044 _anyu
050 4 _aPQ6183
_c.A50 1903
100 1 _aSepúlveda, Lorenzo de
_915964
245 1 0 _aRomances nuevamente sacados de historias antiguas de la cronica de España
_ccompuestos por Lorenzo de Sepúlveda.
260 _aNueva York
_bDe Vinne press
_c[1903]
300 _a259 h.
_c21 cm.
500 _aReproducción facsimilar de original (España, 1551)
500 _aThis edition of two hyndred was printed in facsimile from the copy in the library of Arccer M. buntington, at the De Vinne Press, nineteen hundred and three
500 _aK175
651 4 _aEspaña
_xHistoria
_y711-1516
_915965
902 _aGFM
942 _2lcc
_cB
999 _c6063
_d6063